| 000 | 00850cab a22002415a 4500 | ||
|---|---|---|---|
| 001 | L159954 | ||
| 008 | 150113e2016 xxk 000 0 eng d | ||
| 035 | _a(Sirsi) u159954 | ||
| 041 | 0 | _aeng | |
| 050 | _218 | ||
| 100 | 1 | _aRichardson-Hawkes, Jane | |
| 245 | 0 | 2 |
_aA cut above _h[electronic resource] |
| 260 |
_aLondon _bRICS _c2016 |
||
| 490 |
_aRICS Building Surveying Journal _vDecember 2016 - January 2017, 8(1) |
||
| 520 | _aExplains why London is continuing to offset carbon. | ||
| 650 | 2 | 4 | _aCARBON REDUCTION |
| 650 | 2 | 4 | _aPROPERTY-RESIDENTIAL PROPERTY-RESIDENTIAL PROPERTY DEVELOPMENT |
| 650 | 2 | 4 |
_aEnergy _96237 |
| 651 | 4 | _aLondon | |
| 690 |
_aSustainability _96271 |
||
| 856 | 4 | 0 |
_uhttps://www.rics.org/Global/Building_Surveying_Journal_December_2016_January_2017.pdf _zView the article free of charge at www.rics.org... |
| 942 | _n0 | ||
| 999 |
_c85078 _d85078 |
||